| 000 | 00336nam a22001097a 4500 | ||
|---|---|---|---|
| 008 | 230823b |||||||| |||| 00| 0 eng d | ||
| 022 | _a0971-0787 | ||
| 040 |
_aNational Science Library _cNational Science Library |
||
| 245 | _aFertiliser statistics | ||
| 260 |
_aNew Delhi: _bThe Fertiliser Association of India, _c1990 |
||
| 942 |
_cCR _2udc |
||
| 999 |
_c59443 _d59443 |
||